000 00241nam a22000977a 4500
041 _aeng
080 _a80
100 _aКаліущенко, В. Д.
245 _aЗіставне вивч. герм. і роман.. Част.1
999 _c282672
_d282672
942 _cBK